000
00351nam a2200145Ia 4500
008
230718s9999 xx 000 0 und d
041
_a
Eng.
082
_a
942.081
_b
PAR-T
100
_a
Parking Harold
245
4
_a
the rise of Peofercond. Society
260
_a
Pakistan
_b
Oxford univery phano
_c
1990
300
_a
604
650
_a
Law
999
_c
26516
_d
26516